Orientace na zákazníka
Základná filozofia zmien v systéme managementu kvality. Novelizácia noriem ISO 9000. Zásady revidovaných noriem. Prínos revíze noriem ISO 9000 pre zákazníkov. Vzťah ISO noriem a TQM.
Saved in:
| Main Author: | |
|---|---|
| Format: | Book Chapter |
| Language: | Czech |
| Subjects: | |
| Tags: |
No Tags, Be the first to tag this record!
|
MARC
| LEADER | 00000naa a2200000 4500 | ||
|---|---|---|---|
| 001 | r037529 | ||
| 005 | 20230920100810.2 | ||
| 041 | 0 | |a cze | |
| 044 | |a CZ | ||
| 245 | 1 | 0 | |a Orientace na zákazníka |c Petra Slováčková |
| 520 | |a Základná filozofia zmien v systéme managementu kvality. Novelizácia noriem ISO 9000. Zásady revidovaných noriem. Prínos revíze noriem ISO 9000 pre zákazníkov. Vzťah ISO noriem a TQM. | ||
| 610 | 2 | 0 | |a riadenie kvality |
| 610 | 2 | 0 | |a certifikáty |
| 610 | 2 | 0 | |a zmeny organizačné |
| 610 | 2 | 0 | |a normy kvality |
| 610 | 2 | 0 | |a kontrola kvality |
| 610 | 2 | 0 | |a Česko |
| 610 | 2 | 0 | |a ISO 9000 |
| 610 | 2 | 0 | |a zákazníci |
| 100 | 1 | |a Slováčková, Petra | |